Datum a čas kvízu
30
Celkem bodů
Celkový počet nahraných bodů na tomto kvízu bez doplňovacích otázek.
12.
Pořadí na kvízu
Konečné umístění týmu na tomto kvízu.
Zaznamenané odpovědi
| # | Otázka | Odpověď | Body | Výsledky |
|---|---|---|---|---|
| 1. | Ve středu utekla jednomu chova... | o pumě | 1 | |
| 2. | Britský soud v pátek poslal do... | C) funkční splachovací záchod | 1 | |
| 3. | V sobotu v rámci 30. ročníku f... | ostříhat vlasy | 1 | |
| 4. | Česká mutace jednoho oblíbenéh... | Playboy | 0 | |
| 5. | V neděli skončil 77. ročník cy... | Dauphiné | 0 | |
| 6. | Toto téma začneme prostě, a to... | Chiméra | 0 | |
| 7. | Termínem Jókai (Yōkai) se ozna... | D | 0 | |
| 8. | V roce 2009 byl Rodinným autem... | Škoda Yeti | 0 | |
| 9. | V této otázce bude vaším úkole... | 1D 2C 3B 4A | 1 | |
| 10. | Na závěr jedno české mytologic... | Blaník | 1 |